La experiencia del Tribunal Internacional para la Aplicación de la Justicia Restaurativa en El Salvador (2009-2015) /

Guardat en:
Dades bibliogràfiques
Autor principal: Juániz Maya, José Ramón
Format: Text
Etiquetes: Afegir etiqueta
Sense etiquetes, Sigues el primer a etiquetar aquest registre!

MARC

LEADER 00000 a a2200000 04500
001 48809
003
040
100 |a Juániz Maya, José Ramón  
245 |a La experiencia del Tribunal Internacional para la Aplicación de la Justicia Restaurativa en El Salvador (2009-2015) /  |c José Ramón Juániz Maya  
773 |a volumen70, número740, (2015), páginas 107-129 : tabla, mapa, foto  
999 |c 25441  |d 25441